Land vs. Land #39 - Statistiken

Allgemein
  • Dieses Quiz wurde 42 mal gespielt
  • Das Durchschnittsergebnis liegt bei 11 aus 14
Antwortstatistiken
Frage Antwort % Korrekt
...Bruttoinlandsprodukt? Ungarn🇭🇺
100%
...Einwohner? Ungarn🇭🇺
97%
...Militär? Ungarn🇭🇺
97%
...Exportmengen? Ungarn🇭🇺
97%
...Fläche? Ungarn🇭🇺
95%
...Gewinner? Ungarn🇭🇺
95%
...Gesundheitswesen? Ungarn🇭🇺
86%
...durchschnittlicher IQ? Ungarn🇭🇺
86%
...Bruttoinlandsprodukt pro Kopf? Ungarn🇭🇺
81%
...HDI (Human Development Index)? Ungarn🇭🇺
76%
...Lebenserwartung? Ungarn🇭🇺
73%
...Tourismus? Ungarn🇭🇺
70%
...Happy Planet Index? Ungarn🇭🇺
24%
...Frieden? Ungarn🇭🇺
24%
Keine übereinstimmenden Quizze gefunden
Verteilung der Resultate
Anzahl Personen mit jedem Resultat
Perzentil nach korrekt beantworteten Fragen
Ihre Resultats-Entwicklung
Sie haben dieses Quiz noch nicht gespielt